Basic nutrition & diet theraphy : textbook for allied health / Maria Lourdes Cruz-Caudal, RND, MEM. (Record no. 21590)

000 -LEADER
fixed length control field 00620nam a22001817a 4500
020 ## - INTERNATIONAL STANDARD BOOK NUMBER
ISBN 9789719826576
082 ## - DEWEY DECIMAL CLASSIFICATION NUMBER
Classification number 612.3
Item number C9573 2026
100 ## - MAIN ENTRY--AUTHOR NAME
Personal name Cruz-Caudal, Maria Lourdes, author.
245 ## - TITLE STATEMENT
Title Basic nutrition & diet theraphy : textbook for allied health / Maria Lourdes Cruz-Caudal, RND, MEM.
250 ## - EDITION STATEMENT
Edition statement Third edition.
260 ## - PUBLICATION, DISTRIBUTION, ETC. (IMPRINT)
Place of publication Quezon City :
Name of publisher C & E Publishing Publishing,
Year of publication ©2026.
300 ## - PHYSICAL DESCRIPTION
Number of Pages xi, 439 pages :
Other physical details illustrations ; 22 cm.
500 ## - GENERAL NOTE
General note Includes bibliographical references and index.
650 ## - SUBJECT ADDED ENTRY--TOPICAL TERM
Topical Term Nutrition.
650 ## - SUBJECT ADDED ENTRY--TOPICAL TERM
Topical Term Diet therapy.
650 ## - SUBJECT ADDED ENTRY--TOPICAL TERM
Topical Term Nutrional assessment.
942 ## - ADDED ENTRY ELEMENTS (KOHA)
Koha item type Books
Holdings
Source of acquisition Permanent Location Date acquired Koha item type Collection code Accession Number Lost status Shelving location Withdrawn status Current Location Full call number
SchoolCagayan State University - Carig Library2026-01-08BooksApplied Sciences011307 General Collection Cagayan State University - Carig Library613.2 C9573 2026

Cagayan State University University Library, Carig Campus
Tuguegarao City, Cagayan 3500 | www.csucarig.edu.ph

Powered by Koha